Vista normal Vista MARC

Entrada Geographic Name

Número de registros utilizados en: 1

001 - CONTROL NUMBER

  • control field: 67703

003 - CONTROL NUMBER IDENTIFIER

  • control field: OSt

005 - DATE AND TIME OF LATEST TRANSACTION

  • control field: 20251209170025.0

008 - FIXED-LENGTH DATA ELEMENTS

  • fixed length control field: 251209|| aca||aabn | a|a d

040 ## - CATALOGING SOURCE

  • Original cataloging agency: OSt
  • Transcribing agency: OSt

151 ## - HEADING--GEOGRAPHIC NAME

  • Geographic name: Boston (Estados Unidos)
  • General subdivision: Vida social y costumbres
  • General subdivision: Relatos personales

670 ## - SOURCE DATA FOUND

  • Source citation: Work cat.: (OSt)60082: Harders, Astrid, 1980- 67701, Esto no es un cliché /









Instituto Departamental de Cultura del Meta - Red Departamental de Bibliotecas Públicas del Meta.